Bosquejos de México (Record no. 149)

MARC details
000 -CABECERA
campo de control de longitud fija 00937nam a2200241 a 4500
001 - NÚMERO DE CONTROL
campo de control BRCA_178
005 - FECHA Y HORA DE LA ÚLTIMA TRANSACCIÓN
campo de control 20190320202917.0
008 - DATOS DE LONGITUD FIJA--INFORMACIÓN GENERAL
campo de control de longitud fija 910821s1987 mx-a---##b---f000-0#spa-#
020 ## - NÚMERO INTERNACIONAL ESTÁNDAR DEL LIBRO
Número Internacional Estándar del Libro 9686120033
040 ## - FUENTE DE LA CATALOGACIÓN
Centro catalogador/agencia de origen DLC
Centro/agencia transcriptor DLC
Centro/agencia modificador DLC
050 #4 - SIGNATURA TOPOGRÁFICA DE LA BIBLIOTECA DEL CONGRESO
Número de clasificación NE2314
Número de documento/Ítem .V37 1987
245 10 - MENCIÓN DE TÍTULO
Título Bosquejos de México
Resto del título colección de grabados y litografías del siglo XIX del Banco de México
Mención de responsabilidad, etc. [textos, Elisa Vargas Lugo de Bosch ... [et al.] ; editor, Mario de la Torre].
260 ## - PUBLICACIÓN, DISTRIBUCIÓN, ETC.
Lugar de publicación, distribución, etc. México
Nombre del editor, distribuidor, etc. Banco de México
Fecha de publicación, distribución, etc. 1987
300 ## - DESCRIPCIÓN FÍSICA
Extensión 167 p.
Otras características físicas il. (algunas a color)
Dimensiones 32 cm.
504 ## - NOTA DE BIBLIOGRAFÍA, ETC.
Nota de bibliografía, etc. Bibliografía: p. 164-167
610 24 - PUNTO DE ACCESO ADICIONAL DE MATERIA--NOMBRE DE ENTIDAD CORPORATIVA
Nombre de entidad corporativa o nombre de jurisdicción como elemento de entrada Banco de México (1925- )
Subdivisión de forma Catálogos
Subdivisión general Colecciones de arte
9 (RLIN) 653
650 14 - PUNTO DE ACCESO ADICIONAL DE MATERIA--TÉRMINO DE MATERIA
Término de materia o nombre geográfico como elemento de entrada Impresos mexicanos
Subdivisión de forma Catálogos
Subdivisión cronológica Siglo XIX
9 (RLIN) 654
650 14 - PUNTO DE ACCESO ADICIONAL DE MATERIA--TÉRMINO DE MATERIA
Término de materia o nombre geográfico como elemento de entrada Grabado
Subdivisión cronológica Siglo XIX
Subdivisión geográfica México
9 (RLIN) 117
650 14 - PUNTO DE ACCESO ADICIONAL DE MATERIA--TÉRMINO DE MATERIA
Término de materia o nombre geográfico como elemento de entrada Litografía
Subdivisión cronológica Siglo XIX
Subdivisión geográfica México
9 (RLIN) 655
700 1# - PUNTO DE ACCESO ADICIONAL--NOMBRE DE PERSONA
Nombre de persona Vargas Lugo de Bosch, Elisa
9 (RLIN) 656
700 1# - PUNTO DE ACCESO ADICIONAL--NOMBRE DE PERSONA
Nombre de persona Torre, Mario de la
9 (RLIN) 657
942 ## - ELEMENTOS DE PUNTO DE ACCESO ADICIONAL (KOHA)
Fuente del sistema de clasificación o colocación Library of Congress Classification
Tipo de ítem Koha Libros
Holdings
Estado de retiro Estado de pérdida Estado dañado No para préstamo Localización permanente Ubicación/localización actual Fecha de adquisición Total de préstamos Signatura topográfica completa Código de barras Fecha visto por última vez Precio válido a partir de Tipo de ítem Koha
El ejemplar forma parte de la colección y puede ser consultado según las políticas vigentes.       Biblioteca del Museo Franz Mayer (Rogerio Casas-Alatriste) Biblioteca del Museo Franz Mayer (Rogerio Casas-Alatriste) 25/06/2008   NE2314 .V37 1987 00243 22/03/2019 22/03/2019 Libros